| 000 | 00672nam a2200181 4500 | ||
|---|---|---|---|
| 008 | 210108b ||||| |||| 00| 0 eng d | ||
| 040 |
_aDE-2950 _bger _cDE-2950 _erda |
||
| 041 | _ager | ||
| 245 |
_aWie wird es mit der Sanierung des Lennéparks weitergehen? / _cFlorian Beck |
||
| 264 | _c2024 | ||
| 653 | _aFrankfurt (Oder) | ||
| 653 | _aLennépark | ||
| 773 |
_dFrankfurt (Oder): Stadt Frankfurt (Oder) und Büro für Stadtplanung, -forschung und -erneuerung _g(2024), Nr. 33, Dezember, S. 11 _tZentrum: Zeitschrift für das Sanierungsgebiet ehemalige Altstadt Frankfurt (Oder) |
||
| 942 | _cA | ||
| 999 |
_c373714 _d373714 |
||